000 00905nam a2200277 a 4500
001 70021
003 BD-RjUL
005 20211209081945.0
008 170415s1987 enka b 001 0 eng d
020 _a0521307902
020 _a0521313163 (pbk.)
035 _a(BD-RjUL)70233
040 _aDLC
_cDLC
_dBD-RjUL
_beng
041 _aeng
082 0 0 _a530.12
_223
_bDAG 1987
100 1 _aDavies, P. C. W.
_9206326
245 1 4 _aThe ghost in the atom :
_ba discussion of the mysteries of quantum physics /
_cP.C.W. Davies and J.R. Brown.
260 _aCambridge;
_aNew York :
_bCambridge University Press,
_cc1986[reprinted 1987].
300 _aix, 157 p. :
_bill. ;
_c23 cm.
500 _a.
504 _aIncludes bibliography and index
650 0 _aQuantum theory.
_9207387
650 0 _aPhysicists
_xInterviews.
_9207388
700 1 _aBrown, J. R.
_q(Julian Russell),
_d1957-
_9207389
942 _2ddc
_cBK
999 _c70021
_d70021